书目信息 |
| 题名: |
高清日本战国史
|
|
| 作者: | 樱雪丸 著 | |
| 分册: | 1 | |
| 出版信息: | 重庆 重庆出版社 2017.03 |
|
| 页数: | 356页 | |
| 开本: | 24cm | |
| 丛书名: | ||
| 单 册: | ||
| 中图分类: | K313.3 | |
| 科图分类: | ||
| 主题词: | ||
| 电子资源: | ||
| ISBN: | 978-7-229-11120-5 | |
| 000 | 00788nam0 2200241 450 | |
| 001 | 008957134 | |
| 005 | 20170911155734.25 | |
| 010 | @a978-7-229-11120-5@dCNY38.00 | |
| 100 | @a20170331d2017 em y0chiy50 ea | |
| 101 | 0 | @achi |
| 102 | @aCN@b500000 | |
| 105 | @aa z 000yy | |
| 106 | @ar | |
| 200 | 1 | @a高清日本战国史@9gao qing ri ben zhan guo shi@h1@f樱雪丸著 |
| 210 | @a重庆@c重庆出版社@d2017.03 | |
| 215 | @a356页@c图@d24cm | |
| 330 | @a本书为《史上最强日本史》全新修订版,书中从德川家康的出生写起,直到日本被丰臣秀吉统一为止,主要分三条线索讲述了日本战国时代的历史。 | |
| 333 | @a历史爱好者 | |
| 607 | @a日本@x中世纪史@z1543-1868 | |
| 690 | @aK313.3@v5 | |
| 701 | 0 | @a樱雪丸@9ying xue wan@f(198?-)@4著 |
| 801 | 0 | @aCN@bNLC@c20170606 |
| 905 | @b1063120-25@dK313.3@e72:1@f6 | |
| 高清日本战国史.1/樱雪丸著.-重庆:重庆出版社,2017.03 |
| 356页:图;24cm |
| 使用对象:历史爱好者 |
| ISBN 978-7-229-11120-5:CNY38.00 |
| 本书为《史上最强日本史》全新修订版,书中从德川家康的出生写起,直到日本被丰臣秀吉统一为止,主要分三条线索讲述了日本战国时代的历史。 |
| ● |
| 相关链接 |
|
|
|
|
正题名:高清日本战国史
索取号:K313.3/72:1
 
预约/预借
| 序号 | 登录号 | 条形码 | 馆藏地/架位号 | 状态 | 备注 |
| 1 | 1063120 | 210631208 | 第二样本阅览室/ [索取号:K313.3/72:1] | 在馆 | |
| 2 | 1063121 | 210631217 | 第二借阅区/ [索取号:K313.3/72:1] | 在馆 | |
| 3 | 1063122 | 210631226 | 第二借阅区/ [索取号:K313.3/72:1] | 在馆 | |
| 4 | 1063123 | 210631235 | 第二借阅区/ [索取号:K313.3/72:1] | 在馆 | |
| 5 | 1063124 | 210631244 | 第二借阅区/ [索取号:K313.3/72:1] | 在馆 | |
| 6 | 1063125 | 210631253 | 史法系资料室/ [索取号:K313.3/72:1] | 在馆 |